01559nab a22002417a 4500999001500000003000400015005001700019008004100036040000700077100003800084245010300122260007300225300001200298500004500310505060600355505008900961650003501050650002301085650002801108650002101136773014701157942001301304 c5470d5470OSt20251113131023.0190604e xxu||||| |||| 00| 0 spa d cPJ 91712aLeiva Fernandez, Luis F. P.10aLo que no dice el Código Civil y Comercial (ni necesita decir) /cLuis F. P. Leiva Fernández. aCiudad Autónoma de Buenos Aires :bThomson Reuters La Ley, c2025. ap. 5-15 aCita Online: TR LALEY AR/DOC/1801/2025.  aSumario: I. Los 10 años del Código Civil y Comercial de la Nación.— II. El aporte científico.— III. La importancia de las fuentes.— IV. Las decisiones que se deben tomar al legislar derecho privado.— V. Lo que no es necesario decir. La autonomía de la voluntad.— VI. Sobre la reiteración de las normas principales del derecho del consumo.— VII. Lo que no es necesario decir. Las instituciones de aplicación extendida.— VIII. Lo que no es necesario decir. El tema de las señas.— IX. Lo que no es necesario decir. Los contratos reales. Lo no regulado no está prohibido. t¿Te interesa el texto completo? Solicitalo al correo: koha@justierradelfuego.gov.ar 091497aCODIGO CIVIL Y COMERCIAL 09352aDERECHO CIVIL 091602aDERECHO COMERCIAL 093463aCONTRATOS 0 0271493171dCiudad Autónoma de Buenos Aires : Thomson Reuters La Ley, 2014-tRevista anales de legislación argentina. Nº 8 - Agosto 2025. 2udccANA